Tibet:when the gods spoke (Record no. 68986)
[ view plain ]
| 000 -LEADER | |
|---|---|
| fixed length control field | 00308nam a22001097a 4500 |
| 082 ## - DEWEY DECIMAL CLASSIFICATION NUMBER | |
| Classification number | 327/ARP |
| 100 ## - MAIN ENTRY--AUTHOR NAME | |
| Personal name | Apri,Claude |
| 245 ## - TITLE STATEMENT | |
| Title | Tibet:when the gods spoke |
| Sub Title | India Tibet Relations 1947-1962 |
| 260 ## - PUBLICATION, DISTRIBUTION, ETC. (IMPRINT) | |
| Place of publication | Delhi |
| Name of publisher | Vij Books India pvt ltd |
| Year of publication | 2019 |
| 650 ## - SUBJECT ADDED ENTRY--TOPICAL TERM | |
| Topical Term | International relations |
| 942 ## - ADDED ENTRY ELEMENTS (KOHA) | |
| Koha item type | Books |
| Withdrawn status | Lost status | Damaged status | Not for loan | Home library | Current library | Date acquired | Cost, normal purchase price | Full call number | Accession Number | Price effective from | Koha item type |
|---|---|---|---|---|---|---|---|---|---|---|---|
| MACL | MACL | 08/04/2026 | 1995.00 | 327/ARP | CRE040449 | 08/04/2026 | Books |









